| 000 | 00455nam a2200145Ia 4500 | ||
|---|---|---|---|
| 008 | 230917s9999||||xx |||||||||||||| ||und|| | ||
| 040 |
_e81046 _aMAIN |
||
| 041 | _aEnglish | ||
| 082 | _a346.086014 G959C | ||
| 245 | 0 | _aGupta's Compensation claims under Motor Vehicles Act, Indian Railways Act, Workmen's Compensation Act and Fatal Accidents Act | |
| 250 | _a4th ed. | ||
| 260 |
_aHyderabad _bAsia Law House _c1986 |
||
| 300 | _axxxx, 336 p. | ||
| 942 | _cBK | ||
| 999 |
_c55610 _d55610 |
||